Sports Quiz

Random Sports or Football Quiz

NFL: Best QBs to Never Win a Super Bowl Quiz Stats

 Plays Quiz Updated Feb 6, 2021

     
Support Sporcle.
Go Orange.
Score 0/24 Timer 07:00
10 Plays Today
Primary Team(s) Quarterback % Correct
DolphinsDan Marino
94.9%
Chargers/ColtsPhilip Rivers
89.5%
Falcons*Matt Ryan
86.3%
OilersWarren Moon
79.8%
Lions*Matthew Stafford
77.9%
Panthers/Patriots*Cam Newton
77.4%
EaglesDonovan McNabb
77.1%
BillsJim Kelly
74.4%
VikingsFran Tarkenton
71.8%
Bengals/CardinalsCarson Palmer
70.1%
49ers/Chiefs/WashingtonAlex Smith
66.6%
ChargersDan Fouts
65.9%
Primary Team(s) Quarterback % Correct
BengalsBoomer Esiason
62.6%
TitansSteve McNair
61.4%
Bucs/Browns/Ravens/Jets/Cowboys/Patriots/PanthersVinny Testaverde
53.2%
EaglesRandall Cunningham
48.5%
BengalsKen Anderson
47.1%
RaidersRich Gannon
44.4%
SeahawksDave Krieg
31.2%
CardinalsJim Hart
22.8%
Washington/EaglesSonny Jurgensen
18.9%
ChargersJohn Hadl
17.7%
49ersJohn Brodie
17.2%
RamsRoman Gabriel
16.8%

From the Vault

Fictional Characters Who Are Pink

by Malinda5221995

If only P!nk was a fictional character, she'd be all over this quiz.
Remove Ads.
Support Sporcle.
Get the best of Sporcle when you Go Orange. This ad-free experience offers more features, more stats, and more fun while also helping to support Sporcle. Thank you for becoming a member.

Show Comments

Extras

Top Quizzes Today


Score Distribution

Your Account Isn't Verified!

In order to create a playlist on Sporcle, you need to verify the email address you used during registration. Go to your Sporcle Settings to finish the process.

Report this User

Report this user for behavior that violates our Community Guidelines.

Details: